[Event "Aeroflot Open Rapid KO"]
[Site "Moscow RUS"]
[Date "2013.02.15"]
[Round "1.1"]
[White "Popov, Ivan RUS"]
[Black "Zvjaginsev, Vadim"]
[Result "1/2-1/2"]
[WhiteTitle "GM"]
[BlackTitle "GM"]
[WhiteElo "2627"]
[BlackElo "2658"]
[WhiteFideId "4170350"]
[BlackFideId "4113403"]
[EventDate "2013.02.15"]

1. e4 e6 2. d4 d5 3. Nc3 Nf6 4. e5 Nfd7 5. f4 c5 6. Nf3 Nc6 7. Be3 cxd4 8. Nxd4
Bc5 9. Qd2 O-O 10. O-O-O Bxd4 11. Bxd4 Qa5 12. Kb1 Rb8 13. Be3 b5 14. Ne2 Qxd2
15. Rxd2 f6 16. exf6 Nxf6 17. Nd4 Nxd4 18. Bxd4 Ne4 19. Rd1 Rb7 20. g3 Bd7 21.
Bg2 Bc6 22. Rhe1 Re8 23. Be5 b4 24. b3 a5 25. Bxe4 dxe4 26. Rd6 Rc8 27. Rxe6 Rd7
28. f5 Kf7 29. g4 Re8 30. Rxe8 Kxe8 31. Kc1 g6 32. f6 Kf7 33. g5 Ke6 34. Bf4 h6
35. gxh6 Kxf6 36. Rd1 Bd5 37. h4 Kf7 38. Rd4 Kg8 39. Kd2 Kh7 40. Ke3 Kg8 41. Be5
Kh7 42. Bg7 Kg8 43. Bf6 Kh7 44. Bg5 Kg8 45. Rd2 Kh7 46. Rf2 Rc7 47. Kd4 Be6 48.
Rf6 Bf5 49. Ra6 e3 50. Kxe3 Bxc2 51. Rxa5 Rd7 52. Ra8 Bb1 53. Bf6 Kxh6 54. Rh8+
Rh7 55. Rxh7+ Kxh7 56. Kd2 Kh6 57. Kc1 Bf5 58. Be7 Kh5 59. Kb2 Bd7 60. Bxb4 Kxh4
61. Kc3 Kg4 62. a4 Kf5 63. Bf8 Bxa4 64. bxa4 Ke6 65. a5 Kd7 66. a6 Kc7 67. a7 1/2-1/2

[Event "Aeroflot Open Rapid KO"]
[Site "Moscow RUS"]
[Date "2013.02.15"]
[Round "1.1"]
[White "Svetushkin, Dmitry"]
[Black "Mamedov, Rauf"]
[Result "0-1"]
[WhiteTitle "GM"]
[BlackTitle "GM"]
[WhiteElo "2612"]
[BlackElo "2651"]
[WhiteFideId "13900463"]
[BlackFideId "13401653"]
[EventDate "2013.02.15"]

1. d4 Nf6 2. c4 g6 3. Nc3 Bg7 4. e4 d6 5. f3 O-O 6. Nge2 c5 7. Be3 Nc6 8. d5 Ne5
9. Ng3 e6 10. Be2 exd5 11. cxd5 a6 12. a4 h5 13. O-O Bd7 14. h3 h4 15. Nh1 b5
16. Qd2 b4 17. Nd1 a5 18. Bg5 c4 19. Nhf2 Qe8 20. Bxh4 Bxa4 21. f4 Nd3 22. Bxd3
cxd3 23. Bxf6 Bxf6 24. e5 dxe5 25. Ne4 Bg7 26. f5 gxf5 27. Nd6 Qd8 28. Nxf5 Bd7
29. Nde3 e4 30. Rf4 Ra6 31. Rxe4 Re8 32. Rxe8+ Qxe8 33. Nxg7 Kxg7 34. Qxd3 Rg6
35. Qd4+ Kg8 36. Kh1 a4 37. Re1 a3 38. Qxb4 a2 39. Qa5 Bxh3 40. Qxa2 Qe5 41. b4
Bg4 42. Kg1 Rh6 43. Kf1 Rh1+ 0-1

[Event "Aeroflot Open Rapid KO"]
[Site "Moscow RUS"]
[Date "2013.02.15"]
[Round "1.1"]
[White "Chadaev, Nikolai"]
[Black "Iturrizaga, Eduardo"]
[Result "1-0"]
[WhiteTitle "GM"]
[BlackTitle "GM"]
[WhiteElo "2582"]
[BlackElo "2646"]
[WhiteFideId "4167392"]
[BlackFideId "3901211"]
[EventDate "2013.02.15"]

1. e4 c5 2. Nf3 e6 3. g3 Nc6 4. Bg2 Nge7 5. O-O d5 6. exd5 Qxd5 7. c3 Qd3 8. Na3
Nf5 9. Qc2 Qxc2 10. Nxc2 Be7 11. d4 cxd4 12. Ncxd4 Nfxd4 13. Nxd4 Bd7 14. Be3
Nxd4 15. Bxd4 Bf6 16. Bxb7 Rb8 17. Bf3 Bxd4 18. cxd4 Rxb2 19. Rfb1 Rb6 20. Rxb6
axb6 21. Rb1 Ke7 22. Rxb6 Rc8 23. d5 exd5 24. Bxd5 Rc5 25. Bb3 Rc1+ 26. Kg2 Bc6+
27. f3 Rc3 28. Bd1 Rc1 29. Bb3 Rc3 30. Bd1 Rc1 31. Be2 Rc2 32. Kf1 Bd5 33. a4
Bc4 34. Bxc4 Rxc4 35. a5 Rc2 36. h4 Ra2 37. a6 h6 38. h5 Kf8 39. g4 Kg8 40. Ke1
Kh7 41. Kd1 Ra5 42. Kc2 f5 43. Kb3 f4 44. Kb4 Ra1 45. Rc6 Kg8 46. Kb5 Ra3 47.
Kb6 Rb3+ 48. Kc7 1-0

[Event "Aeroflot Open Rapid KO"]
[Site "Moscow RUS"]
[Date "2013.02.15"]
[Round "1.1"]
[White "Kokarev, Dmitry"]
[Black "Shomoev, Anton"]
[Result "1-0"]
[WhiteTitle "GM"]
[BlackTitle "GM"]
[WhiteElo "2635"]
[BlackElo "2557"]
[WhiteFideId "4132181"]
[BlackFideId "4135148"]
[EventDate "2013.02.15"]

1. e4 c5 2. Nf3 d6 3. d4 Nf6 4. dxc5 Qa5+ 5. Nfd2 Qxc5 6. Nc3 a6 7. Nc4 Nbd7 8.
Be3 Qc7 9. a4 g6 10. a5 Bg7 11. Be2 O-O 12. O-O Nc5 13. Nb6 Rb8 14. Ncd5 Nxd5
15. Nxd5 Qd8 16. c3 Be6 17. Bf3 Bxd5 18. exd5 Qc7 19. Re1 Rfe8 20. Qc2 Nd7 21.
Be2 Rbc8 22. Red1 Nc5 23. Ra3 Bf6 24. g3 Nd7 25. Qa4 Nc5 26. Qb4 Rb8 27. Qc4
Rec8 28. Bg4 Nd7 29. Qxc7 Rxc7 30. Rb3 h5 31. Be2 Rbc8 32. Rb4 Kf8 33. Bf1 Nc5
34. Bh3 Ra8 35. Kf1 Ke8 36. Ke2 Nd7 37. Ra1 Nc5 38. Rc4 Rb8 39. Ra3 Be5 40. b4
Ne6 41. Rxc7 Nxc7 42. c4 f5 43. Kd3 Kf7 44. Bg2 h4 45. Bb6 Na8 46. c5 hxg3 47.
hxg3 e6 48. dxe6+ Kxe6 49. Kc4 dxc5 50. bxc5 Nxb6+ 51. axb6 f4 52. gxf4 Bxf4 53.
Rh3 Bg5 54. Bd5+ Ke5 55. Rh7 Rf8 56. f3 Rd8 57. Bxb7 Rd4+ 58. Kb3 a5 59. Be4
Rb4+ 60. Kc3 Rb5 61. c6 Bf6 62. c7 Kd6+ 63. Kd3 Rb3+ 64. Kd2 Rb2+ 65. Kc1 1-0

[Event "Aeroflot Open Rapid KO"]
[Site "Moscow RUS"]
[Date "2013.02.15"]
[Round "1.1"]
[White "Bukavshin, Ivan"]
[Black "Tukhaev, Adam"]
[Result "1-0"]
[WhiteTitle "GM"]
[BlackTitle "GM"]
[WhiteElo "2522"]
[BlackElo "2517"]
[WhiteFideId "4199758"]
[BlackFideId "14109476"]
[EventDate "2013.02.15"]

1. c4 e6 2. Nc3 Bb4 3. Qc2 Nf6 4. a3 Bxc3 5. Qxc3 b6 6. Nf3 Bb7 7. e3 O-O 8. Be2
d6 9. b4 Nbd7 10. Bb2 e5 11. d4 e4 12. Nd2 c5 13. O-O Qe7 14. Rfd1 Rac8 15. Nf1
Rfd8 16. Ng3 Qe6 17. h3 Ba6 18. dxc5 bxc5 19. b5 Bb7 20. Bg4 Qe5 21. Nf5 Nxg4
22. hxg4 Qxc3 23. Bxc3 Kf8 24. Bxg7+ Kg8 25. Bc3 1-0

[Event "Aeroflot Open Rapid KO"]
[Site "Moscow RUS"]
[Date "2013.02.15"]
[Round "1.1"]
[White "Frolyanov, Dmitry"]
[Black "Inarkiev, Ernesto"]
[Result "1-0"]
[WhiteTitle "GM"]
[BlackTitle "GM"]
[WhiteElo "2563"]
[BlackElo "2688"]
[WhiteFideId "4151976"]
[BlackFideId "4162722"]
[EventDate "2013.02.15"]

1. e4 c5 2. Nf3 d6 3. d4 cxd4 4. Nxd4 Nf6 5. Nc3 a6 6. Be3 e6 7. a4 b6 8. Bd3
Bb7 9. O-O Nbd7 10. Qe2 Be7 11. Kh1 O-O 12. f4 Re8 13. Bg1 Qc7 14. Rae1 Nc5 15.
Nb3 Nfd7 16. Nxc5 Nxc5 17. Bd4 Bf8 18. Qh5 Nxd3 19. cxd3 Rab8 20. f5 b5 21. axb5
axb5 22. f6 g6 23. Qh4 b4 24. Ne2 Qc2 25. Rf3 Rbc8 26. Rh3 h6 27. Be3 Qxb2 28.
d4 h5 29. Ng3 Ra8 30. Nxh5 Ra1 31. Rxa1 Qxa1+ 32. Bg1 Bxe4 33. Nf4 1-0

[Event "Aeroflot Open Rapid KO"]
[Site "Moscow RUS"]
[Date "2013.02.15"]
[Round "1.2"]
[White "Kazhgaleyev, Murtas"]
[Black "Eljanov, Pavel"]
[Result "0-1"]
[WhiteTitle "GM"]
[BlackTitle "GM"]
[WhiteElo "2594"]
[BlackElo "2678"]
[WhiteFideId "13700316"]
[BlackFideId "14102951"]
[EventDate "2013.02.15"]

1. d4 d5 2. c4 c6 3. Nf3 Nf6 4. e3 Bg4 5. h3 Bh5 6. g4 Bg6 7. Nh4 e6 8. Nxg6
hxg6 9. Nd2 Nbd7 10. Bg2 dxc4 11. Nxc4 Bb4+ 12. Kf1 Be7 13. e4 Nb6 14. Ne3 c5
15. d5 exd5 16. exd5 Bd6 17. a4 a5 18. Qb3 O-O 19. h4 c4 20. Qc2 Bf4 21. h5 gxh5
22. Nf5 Nbxd5 23. gxh5 Nb4 24. Qe2 Re8 25. Be3 Bxe3 26. fxe3 Qd3 27. Qxd3 cxd3
28. Kf2 Re5 29. Bh3 Ne4+ 30. Kf3 Ng5+ 31. Kf4 f6 32. Bg2 Nc2 33. Rad1 Rxf5+ 34.
Kxf5 Nxe3+ 35. Kg6 Nxg2 36. h6 Nf4+ 37. Kf5 Ngh3 38. Rhe1 Rd8 39. hxg7 Kxg7 40.
Re7+ Kf8 41. Rxb7 d2 42. Kxf6 Nd5+ 43. Ke5 Ne3 44. Rxd2 Rxd2 45. b4 Nc4+ 46. Kf6
Rd6+ 47. Kf5 Rd5+ 48. Kf6 Rd6+ 49. Kf5 axb4 50. Rxb4 Rc6 51. Ke4 Rc8 52. Kd4 Na5
53. Rb6 Ng5 54. Rb5 Ne6+ 55. Ke5 Nd8 56. Kd6 Ndc6 57. Rf5+ Ke8 58. Rh5 Rd8+ 59.
Kc7 Rd7+ 60. Kb6 Rb7+ 61. Ka6 Re7 62. Kb6 Kd7 63. Rh8 Re4 64. Rh7+ Kd6 65. Rh6+
Kd5 66. Rh5+ Kc4 67. Rb5 Re7 68. Ka6 Re6 69. Rb6 Rf6 70. Rb5 Nb4+ 71. Ka7 Rf7+
72. Kb6 Nd5+ 0-1

[Event "Aeroflot Open Rapid KO"]
[Site "Moscow RUS"]
[Date "2013.02.15"]
[Round "1.2"]
[White "Vorobiov, Evgeny E."]
[Black "Efimenko, Zahar"]
[Result "0-1"]
[WhiteTitle "GM"]
[BlackTitle "GM"]
[WhiteElo "2584"]
[BlackElo "2696"]
[WhiteFideId "4121341"]
[BlackFideId "14107201"]
[EventDate "2013.02.15"]

1. d4 g6 2. c4 Bg7 3. Nc3 c5 4. d5 d6 5. e4 e5 6. dxe6 Bxe6 7. Nb5 Nc6 8. Nxd6+
Ke7 9. Bg5+ Bf6 10. Bxf6+ Nxf6 11. Nb5 Nxe4 12. Qxd8+ Raxd8 13. Nf3 Nb4 14. Na3
Kf6 15. Be2 g5 16. h3 h5 17. O-O g4 18. hxg4 hxg4 19. Nh2 g3 20. fxg3+ Ke7 21.
Bf3 Nxg3 22. Rfd1 Nd3 23. Rd2 Ne5 24. Rxd8 Rxd8 25. Bxb7 Rb8 26. Nf3 Ng4 27. Bd5
Rh8 0-1

[Event "Aeroflot Open Rapid KO"]
[Site "Moscow RUS"]
[Date "2013.02.15"]
[Round "1.2"]
[White "Zvjaginsev, Vadim"]
[Black "Popov, Ivan RUS"]
[Result "1/2-1/2"]
[WhiteTitle "GM"]
[BlackTitle "GM"]
[WhiteElo "2658"]
[BlackElo "2627"]
[WhiteFideId "4113403"]
[BlackFideId "4170350"]
[EventDate "2013.02.15"]

1. Nf3 c5 2. c4 g6 3. e4 Nc6 4. d4 cxd4 5. Nxd4 Nf6 6. Nc3 d6 7. f3 Nxd4 8. Qxd4
Bg7 9. Be3 O-O 10. Qd2 a5 11. Na4 Nd7 12. Be2 Nc5 13. Nxc5 dxc5 14. Bxc5 Qxd2+
15. Kxd2 Bxb2 16. Bxe7 Re8 17. Rab1 Be5 18. Bc5 Be6 19. Ke3 Rac8 20. Bd4 Bxc4
21. Bxc4 Rxc4 22. Bxe5 Rxe5 23. Rxb7 Rc3+ 24. Kf4 Re6 25. Rd1 Rc2 26. g4 Rf6+
27. Kg3 Rc3 28. Rf1 Ra3 29. g5 Rc6 30. Rd1 Rc8 31. Rdd7 Rf8 32. Rd2 Re8 33. Kf4
Rc8 34. h4 Rf8 35. Kg4 Ra4 36. h5 gxh5+ 37. Kxh5 Ra3 38. Kg4 Re8 39. f4 Ra4 40.
e5 Rxe5 41. Rd8+ Kg7 42. Rdd7 Kg6 43. Rd6+ Re6 44. Rd8 f5+ 45. gxf6 Rxf6 46.
Rg8+ Kh6 47. Rb1 Raxf4+ 48. Kg3 Rf3+ 49. Kg2 Rf2+ 50. Kg3 R6f3+ 51. Kg4 Rf4+ 52.
Kg3 R2f3+ 53. Kg2 Rf2+ 54. Kg3 R4f3+ 55. Kg4 Rg2+ 56. Kxf3 Rxg8 57. Rh1+ Kg6 58.
Rg1+ Kf7 59. Rh1 Rf8 60. Ke4 Kg6 61. Rg1+ Kf6 62. Rf1+ Kg7 63. Rg1+ Kh8 64. Rg5
Ra8 65. a4 h6 66. Rb5 Kg7 67. Kf4 Ra6 68. Kg4 Kg6 1/2-1/2

[Event "Aeroflot Open Rapid KO"]
[Site "Moscow RUS"]
[Date "2013.02.15"]
[Round "1.2"]
[White "Mamedov, Rauf"]
[Black "Svetushkin, Dmitry"]
[Result "1-0"]
[WhiteTitle "GM"]
[BlackTitle "GM"]
[WhiteElo "2651"]
[BlackElo "2612"]
[WhiteFideId "13401653"]
[BlackFideId "13900463"]
[EventDate "2013.02.15"]

1. e4 e5 2. Nf3 Nc6 3. Bb5 a6 4. Ba4 Nf6 5. Qe2 b5 6. Bb3 Be7 7. c3 O-O 8. d4 d6
9. O-O Bb7 10. Rd1 Nd7 11. Nbd2 Na5 12. Bc2 exd4 13. cxd4 c5 14. dxc5 dxc5 15.
Nf1 Qc7 16. Ng3 g6 17. Bh6 Rfe8 18. Rac1 Bf6 19. Bb1 Nc4 20. b3 Na3 21. Bd3 Rac8
22. Qd2 Ne5 23. Nxe5 Bxe5 24. f4 Bd4+ 25. Kh1 Rcd8 26. e5 c4 27. bxc4 bxc4 28.
Be4 Bxe5 29. Qb4 Bxe4 30. Nxe4 Nc2 31. Qa4 Bxf4 32. Nf6+ Kh8 33. Qxe8+ Rxe8 34.
Bg7+ 1-0

[Event "Aeroflot Open Rapid KO"]
[Site "Moscow RUS"]
[Date "2013.02.15"]
[Round "1.2"]
[White "Ponkratov, Pavel"]
[Black "Shimanov, Aleksandr"]
[Result "0-1"]
[WhiteTitle "GM"]
[BlackTitle "GM"]
[WhiteElo "2584"]
[BlackElo "2640"]
[WhiteFideId "4157800"]
[BlackFideId "4198603"]
[EventDate "2013.02.15"]

1. e4 Nf6 2. e5 Nd5 3. d4 d6 4. Nf3 dxe5 5. Nxe5 c6 6. c4 Nb4 7. Be3 Bf5 8. Na3
Nd7 9. g4 Be4 10. f3 Bg6 11. Nxg6 hxg6 12. Nb1 e5 13. a3 Na6 14. Nc3 exd4 15.
Bxd4 Nac5 16. b4 Ne6 17. Bf2 Be7 18. Ne4 O-O 19. c5 Ne5 20. Be2 a5 21. Bg3 Bh4
22. Kf1 Bxg3 23. hxg3 Qd4 24. Qxd4 Nxd4 25. f4 Nxe2 26. fxe5 Nd4 27. Ra2 Nf3 28.
Rf2 Nxe5 29. Rfh2 f6 30. Rh8+ Kf7 31. Nd6+ Ke6 32. Rxf8 Rxf8 33. bxa5 Ra8 34.
Nxb7 Ra7 35. a6 Rxa6 36. Kg2 Rxa3 37. Rh7 Ra2+ 38. Kf1 Kf7 39. Rh8 Ra7 40. Nd6+
Ke6 41. g5 Kd5 42. Rd8 Rd7 43. Re8 Kxc5 44. Ne4+ Kd4 45. Nd2 c5 46. Re6 c4 47.
Rxf6 c3 48. Nb3+ Kc4 49. Na5+ Kb4 50. Rc6 0-1

[Event "Aeroflot Open Rapid KO"]
[Site "Moscow RUS"]
[Date "2013.02.15"]
[Round "1.2"]
[White "Guseinov, Gadir"]
[Black "Volkov, Sergey"]
[Result "1/2-1/2"]
[WhiteTitle "GM"]
[BlackTitle "GM"]
[WhiteElo "2623"]
[BlackElo "2593"]
[WhiteFideId "13401378"]
[BlackFideId "4122763"]
[EventDate "2013.02.15"]

1. e4 e6 2. d4 d5 3. Nd2 Nf6 4. e5 Nfd7 5. Bd3 c5 6. c3 Nc6 7. Ngf3 g6 8. h4 Be7
9. O-O Qb6 10. Re1 O-O 11. h5 cxd4 12. cxd4 Nxd4 13. Nf1 Nc6 14. N1h2 Kh8 15.
Bh6 Re8 16. Ng5 Ndxe5 17. hxg6 fxg6 18. Ng4 Nxg4 19. Qxg4 e5 20. Qh4 e4 21. Bxe4
Bxg5 22. Qxg5 Qxb2 23. Rab1 Qc3 24. Rbc1 Qb2 25. Bxg6 Rg8 26. Bf7 Bh3 27. Bxg8
Rxg8 28. Rb1 Qd4 29. Rxb7 Rxg5 30. Bxg5 Be6 31. Rxe6 Qd1+ 32. Kh2 Qh5+ 33. Kg1
Qd1+ 34. Kh2 Qh5+ 35. Kg1 Qd1+ 1/2-1/2

[Event "Aeroflot Open Rapid KO"]
[Site "Moscow RUS"]
[Date "2013.02.15"]
[Round "1.2"]
[White "Smirnov, Pavel"]
[Black "Ipatov, Alexander"]
[Result "1-0"]
[WhiteTitle "GM"]
[BlackTitle "GM"]
[WhiteElo "2618"]
[BlackElo "2569"]
[WhiteFideId "4123425"]
[BlackFideId "14116731"]
[EventDate "2013.02.15"]

1. d4 Nf6 2. c4 e6 3. Nc3 d5 4. Nf3 Be7 5. g3 c6 6. Bg2 Nbd7 7. b3 O-O 8. O-O b6
9. Qd3 Bb7 10. Bf4 c5 11. cxd5 Nxd5 12. Nxd5 Bxd5 13. Rfd1 cxd4 14. Nxd4 Nc5 15.
Qe3 Qd7 16. Nf5 Bf6 17. Be5 Bxe5 18. Qxe5 exf5 19. Rxd5 Rae8 20. Rxd7 Rxe5 21.
Rxa7 Rxe2 22. b4 Nd3 23. Bf1 Rd2 24. Rd7 Ne5 25. Rxd2 Nf3+ 26. Kg2 Nxd2 27. Bd3
g6 28. a4 Rd8 29. Ra3 Ne4 30. a5 bxa5 31. bxa5 Nc5 32. Bb5 Ra8 33. a6 Ra7 34.
Kf3 Kf8 35. Ke3 Ke7 36. Kd4 Kd6 37. Kc4 f4 38. gxf4 Ne6 39. Kb4 Nxf4 40. Bc4 Kc6
41. Ka5 Kc5 42. Rc3 Kd4 43. Rc2 Rc7 44. Bb3 Ne6 45. Kb6 Re7 46. a7 Re8 47. Ba4
Rf8 48. Bd7 1-0

[Event "Aeroflot Open Rapid KO"]
[Site "Moscow RUS"]
[Date "2013.02.15"]
[Round "1.3"]
[White "Efimenko, Zahar"]
[Black "Vorobiov, Evgeny E."]
[Result "0-1"]
[WhiteTitle "GM"]
[BlackTitle "GM"]
[WhiteElo "2696"]
[BlackElo "2584"]
[WhiteFideId "14107201"]
[BlackFideId "4121341"]
[EventDate "2013.02.15"]

1. Nf3 c5 2. g3 g6 3. Bg2 Bg7 4. O-O Nc6 5. c4 e6 6. Nc3 Nge7 7. b3 O-O 8. Bb2
d5 9. d3 b6 10. Rb1 Bb7 11. Nb5 Bxb2 12. Rxb2 d4 13. Na3 Qc7 14. Nc2 a5 15. a3
e5 16. Nd2 Nd8 17. e4 dxe3 18. fxe3 Bxg2 19. Kxg2 f5 20. Nb1 Ne6 21. Nc3 Rad8
22. Qe2 Qc6+ 23. e4 fxe4 24. Rxf8+ Rxf8 25. Nxe4 Nf5 26. Rb1 Ng5 27. Qg4 Nxe4
28. dxe4 Rd8 29. Kh3 Rd2 30. Ne1 Ne3 31. Qf3 Qe6+ 32. g4 h5 33. Kg3 Nf1+ 34. Kh4
Qe7+ 0-1

[Event "Aeroflot Open Rapid KO"]
[Site "Moscow RUS"]
[Date "2013.02.15"]
[Round "1.3"]
[White "Guseinov, Gadir"]
[Black "Volkov, Sergey"]
[Result "1-0"]
[WhiteTitle "GM"]
[BlackTitle "GM"]
[WhiteElo "2623"]
[BlackElo "2593"]
[WhiteFideId "13401378"]
[BlackFideId "4122763"]
[EventDate "2013.02.15"]

1. e4 e6 2. d4 d5 3. Nd2 Nf6 4. e5 Nfd7 5. Bd3 c5 6. c3 Nc6 7. Ngf3 g6 8. h4 Be7
9. O-O Qb6 10. dxc5 Bxc5 11. Qe2 O-O 12. h5 Be7 13. Re1 a5 14. Nf1 a4 15. Bh6
Re8 16. N1h2 a3 17. b4 Qd8 18. Ng4 b6 19. hxg6 fxg6 20. Rad1 Bb7 21. Qe3 Bf8 22.
Bg5 Be7 23. Bh6 Bf8 24. Ng5 Qe7 25. Qh3 Nd8 26. f4 Rc8 27. Bb5 Bc6 28. Bd3 Ba4
29. Rc1 d4 30. cxd4 Rxc1 31. Rxc1 Qxb4 32. Bxf8 Qxd4+ 33. Kh1 Nxf8 34. Nf6+ Kh8
35. Ngxh7 Qxf4 36. Nxf8+ Kg7 37. Rc7+ Nf7 38. Qh7+ Kxf8 39. Rxf7# 1-0

[Event "Aeroflot Open Rapid KO"]
[Site "Moscow RUS"]
[Date "2013.02.15"]
[Round "2.1"]
[White "Guseinov, Gadir"]
[Black "Eljanov, Pavel"]
[Result "1/2-1/2"]
[WhiteTitle "GM"]
[BlackTitle "GM"]
[WhiteElo "2623"]
[BlackElo "2678"]
[WhiteFideId "13401378"]
[BlackFideId "14102951"]
[EventDate "2013.02.15"]

1. e4 e5 2. Nf3 Nc6 3. Bb5 a6 4. Ba4 Nf6 5. O-O Be7 6. d3 b5 7. Bb3 d6 8. a4 Bd7
9. Be3 O-O 10. h3 Na5 11. Ba2 bxa4 12. Nc3 Rb8 13. Qc1 Qc8 14. Kh2 Qb7 15. Bb1
Qxb2 16. Qxb2 Rxb2 17. Nxa4 Rbb8 18. Nc3 Nc6 19. Rxa6 Ra8 20. Rxa8 Rxa8 21. Ba2
Nb4 22. Bb3 Be6 23. Bxe6 fxe6 24. Rc1 Nd7 25. Ne1 c5 26. Nb5 Ra5 27. Nc3 Nb8 28.
Bd2 N8c6 29. Ne2 Ra2 30. Nc3 Ra8 31. Ne2 Ra2 32. Nc3 Ra8 33. Ne2 Ra2 34. Nc3 Ra6
35. Ne2 Ra2 1/2-1/2

[Event "Aeroflot Open Rapid KO"]
[Site "Moscow RUS"]
[Date "2013.02.15"]
[Round "2.1"]
[White "Mamedov, Rauf"]
[Black "Popov, Ivan RUS"]
[Result "1/2-1/2"]
[WhiteTitle "GM"]
[BlackTitle "GM"]
[WhiteElo "2651"]
[BlackElo "2627"]
[WhiteFideId "13401653"]
[BlackFideId "4170350"]
[EventDate "2013.02.15"]

1. e4 c6 2. Ne2 d5 3. e5 c5 4. d4 Nc6 5. c3 e6 6. Be3 Qb6 7. Qd2 Bd7 8. Ng3 Rc8
9. Be2 cxd4 10. cxd4 Na5 11. O-O Nc4 12. Bxc4 Rxc4 13. Nc3 Ne7 14. Rac1 Rc8 15.
Kh1 h5 16. h4 Nc6 17. f4 Qd8 18. Rf3 Qxh4+ 19. Kg1 g6 20. Rcf1 Bb4 21. a3 Bxc3
22. bxc3 Na5 23. Qc1 Nc4 24. f5 gxf5 25. Bg5 Qg4 26. Nh1 h4 27. Nf2 Qh5 28. Rh3
Qg6 29. Bxh4 Bb5 30. Nd3 b6 31. Qb1 Bc6 32. Qb4 Rc7 33. Nf4 Qg4 34. Rg3 a5 35.
Qb1 Qxh4 36. Rh3 Kd7 37. Rxh4 Rxh4 38. Qe1 Rg4 39. Nh5 Kc8 40. Nf6 Rg6 41. Qc1
Kb7 42. Rf3 Ba4 43. Rh3 Bc6 44. Kf2 a4 45. Rg3 Rxg3 46. Kxg3 Rc8 47. Kf2 Rc7 48.
Kg3 Rc8 49. Kf2 Rc7 50. g4 fxg4 51. Nxg4 Rc8 52. Qg5 Rc7 53. Qc1 Ka7 54. Ne3
Nxe3 55. Kxe3 Bd7 56. Kf4 Bb5 57. Qb2 Ka6 58. Qb4 Rd7 59. Kg5 Rc7 60. Kf6 Rd7
61. Qf8 Rc7 62. Qa8+ Ra7 63. Qc8+ Rb7 1/2-1/2

[Event "Aeroflot Open Rapid KO"]
[Site "Moscow RUS"]
[Date "2013.02.15"]
[Round "2.1"]
[White "Shimanov, Aleksandr"]
[Black "Gupta, Abhijeet"]
[Result "1-0"]
[WhiteTitle "GM"]
[BlackTitle "GM"]
[WhiteElo "2640"]
[BlackElo "2612"]
[WhiteFideId "4198603"]
[BlackFideId "5010608"]
[EventDate "2013.02.15"]

1. c4 Nf6 2. g3 c6 3. Bg2 d5 4. Nf3 g6 5. b3 Bg7 6. Bb2 O-O 7. O-O Nbd7 8. d4
Ne4 9. Nbd2 Nxd2 10. Nxd2 Nf6 11. Rc1 a5 12. cxd5 Nxd5 13. Nc4 Nb6 14. a4 Be6
15. e3 Bd5 16. Nxb6 Qxb6 17. Bxd5 cxd5 18. Ba3 Rfc8 19. Rxc8+ Rxc8 20. Bxe7 Rc3
21. Bc5 Qxb3 22. Qg4 h5 23. Qc8+ Kh7 24. Qd7 b6 25. Bd6 Qc2 26. Qxf7 Qf5 27. Qb7
Qc8 28. Qxb6 Rc6 29. Qb8 Qxb8 30. Bxb8 Rc4 31. Ra1 g5 32. Bd6 g4 33. Be7 Kg6 34.
Bd8 Kf5 35. Bxa5 Ke4 36. Be1 Bf8 37. a5 Rc7 38. a6 Ra7 39. Kf1 1-0

[Event "Aeroflot Open Rapid KO"]
[Site "Moscow RUS"]
[Date "2013.02.15"]
[Round "2.2"]
[White "Popov, Ivan RUS"]
[Black "Mamedov, Rauf"]
[Result "0-1"]
[WhiteTitle "GM"]
[BlackTitle "GM"]
[WhiteElo "2627"]
[BlackElo "2651"]
[WhiteFideId "4170350"]
[BlackFideId "13401653"]
[EventDate "2013.02.15"]

1. e4 c5 2. Nf3 d6 3. d4 Nf6 4. Nc3 cxd4 5. Nxd4 g6 6. Be3 Bg7 7. f3 Nc6 8. Qd2
O-O 9. O-O-O d5 10. Kb1 Rb8 11. Ndb5 a6 12. Na7 e6 13. h4 Bd7 14. Nxc6 bxc6 15.
Bh6 Bxh6 16. Qxh6 Nh5 17. g4 Ng3 18. Rh3 Nxf1 19. Rxf1 d4 20. Nd1 e5 21. Rh2 Be6
22. g5 d3 23. h5 Rb7 24. b3 dxc2+ 25. Kxc2 Qb6 26. hxg6 fxg6 27. Kc1 Bxb3 28.
axb3 Qxb3 29. Nb2 Qa2 0-1

[Event "Aeroflot Open Rapid KO"]
[Site "Moscow RUS"]
[Date "2013.02.15"]
[Round "2.2"]
[White "Sjugirov, Sanan"]
[Black "Iturrizaga, Eduardo"]
[Result "1/2-1/2"]
[WhiteTitle "GM"]
[BlackTitle "GM"]
[WhiteElo "2646"]
[BlackElo "2646"]
[WhiteFideId "4189302"]
[BlackFideId "3901211"]
[EventDate "2013.02.15"]

1. d4 Nf6 2. c4 e6 3. g3 c5 4. d5 exd5 5. cxd5 d6 6. Nc3 g6 7. Bg2 Bg7 8. Nf3
O-O 9. O-O Re8 10. Bf4 a6 11. a4 Qc7 12. Re1 Nh5 13. Bg5 Nd7 14. e4 Rb8 15. Rc1 1/2-1/2

[Event "Aeroflot Open Rapid KO"]
[Site "Moscow RUS"]
[Date "2013.02.15"]
[Round "2.2"]
[White "Kokarev, Dmitry"]
[Black "Frolyanov, Dmitry"]
[Result "0-1"]
[WhiteTitle "GM"]
[BlackTitle "GM"]
[WhiteElo "2635"]
[BlackElo "2563"]
[WhiteFideId "4132181"]
[BlackFideId "4151976"]
[EventDate "2013.02.15"]

1. e4 e5 2. Nf3 Nf6 3. d3 Nc6 4. Be2 d5 5. Nbd2 Bc5 6. O-O O-O 7. a3 a5 8. b3
Re8 9. Bb2 Nd4 10. Nxd4 exd4 11. Bf3 dxe4 12. dxe4 d3 13. e5 Nd5 14. Ne4 dxc2
15. Qxc2 Bf8 16. Rad1 c6 17. Ng3 Be6 18. Ne2 Qg5 19. Be4 g6 20. g3 Bg4 21. Bxd5
cxd5 22. Rxd5 Bf3 23. Rd7 Bc6 24. Rdd1 Rac8 25. Qd2 Qh5 26. Nd4 Bd5 27. e6 fxe6
28. Qxa5 Qh3 29. f3 Bc5 30. Rc1 Bxf3 31. Qd2 Bd5 32. Rxc5 Rxc5 33. Rf2 Qg4 34.
Rf4 Qh5 35. Rh4 Qe5 36. Ne2 Qc7 37. Qd4 e5 38. Qd3 Qb6 39. Kf1 Qxb3 40. Qd2 Qf3+
41. Ke1 Rf8 42. Qh6 Rf7 43. Bxe5 Qf1+ 44. Kd2 Rc2+ 45. Kxc2 Qxe2+ 46. Kc3 Qxe5+ 0-1